000 00277nam a2200121 i 4500
001 bg
245 0 _aKibernetika i wycislitelnaja technika :
_bWypusk 10.
260 _aKiew,
_c1971.
040 _cBPK
041 _apol
942 _cKS
008 s pl f |000 0 pol
999 _c9185
_d9185
856 _uhttp://koha.tu.koszalin.pl/cgi-bin/koha/opac-detail.pl?biblionumber=9185
_yKatalog online BPK